000 01472nam a2200385 i 4500
001 88366
003 FlNmELB
005 20241217171635.0
006 m o d |
007 cr cnu||||||||
008 131101s2012 mx o 001 0 spa d
020 _z9786074016413
035 _a(MiAaPQ)EBC3214775
035 _a(Au-PeEL)EBL3214775
035 _a(CaPaEBR)ebr10751432
035 _a(OCoLC)1010613307
040 _aFINmELB
_bspa
_erda
_cFINmELB
050 4 _aJV6035
_bD441 2012
082 0 _a304.8
_223
245 0 0 _aDesarrollo desigual y migración forzada :
_buna mirada desde el sur global /
_cRaúl Delgado Wise, Humberto Márquez Covarrubias (coordinadores).
264 1 _aMéxico D. F. :
_bEditorial Miguel Ángel Porrúa,
_c2012.
300 _a1 recurso en línea
336 _atexto
_btxt
_2rdacontent/spa
337 _acomputadora
_bc
_2rdamedia/spa
338 _arecurso en línea
_bcr
_2rdacarrier/spa
500 _aContiene índice.
590 _aRecurso electrónico. Santa Fe, Arg.: e-libro, 2015. Disponible vía World Wide Web. El acceso puede estar limitado para las bibliotecas afiliadas a e-libro.
650 4 _aEmigración e inmigración.
650 0 _aEmigration and immigration.
655 4 _aLibros electrónicos.
700 1 _aDelgado Wise, Raúl,
_ecoordinador.
700 1 _aMárquez Covarrubias, Humberto,
_ecoordinador.
797 2 _ae-libro, Corp.
856 4 0 _uhttps://elibro.net/ereader/politecnicointernacional/38620
999 _c88366
_d88366